000 00402nam a2200133Ia 4500
008 220217s9999||||xx |||||||||||||| ||und||
020 _a978-81-312-1518-0
082 _a004.165 FIS
100 _aFisher, Joseph, A. Faraboschi, Paolo and Young, Cliff
_95858
245 0 _aEmbedded computing
260 _aElsevier Academic press
_bSan Francisco
_c2008
300 _b595
650 _aMICROPROCESSOR
999 _c177027
_d177027